Turkish Cities - Sudden Death - Statistics

General Stats
  • This quiz has been taken 2,973 times
  • The average score is 13 of 21
Answers on the Grid
Answers color-coded by a green-red scale on the quiz's grid according to % correct below.
Beirut
Ankara
Gaziantep
Thessaloniki
Bursa
Budapest
Mersin
Ashgabat
Edirne
Adana
Erbil
Sumqayit
Çorlu
Astana
Batumi
İzmir
Patras
Haifa
Diyarbakır
Tatabánya
Samsun
Tabriz
Basra
Istanbul
Gelendzhik
Dushanbe
Türkmenbaşy
Van
Timișoara
Dubrovnik
Antalya
Kayseri
Béziers
Mostar
Varna
Batman
Ouarzazate
İzmit
Damietta
İskenderun
Limassol
Homs
Samarkand
Trabzon
Erzurum
Isfahan
Šabac
Konya
Daşoguz
Békéscsaba
Antakya
 
Answer Stats
Answer % Correct
Ankara
93%
İzmir
79%
Bursa
77%
Gaziantep
75%
Istanbul
72%
Adana
71%
Antalya
66%
Edirne
65%
Mersin
63%
Diyarbakır
59%
Konya
54%
Samsun
54%
Trabzon
53%
Çorlu
52%
Batman
51%
Kayseri
51%
Erzurum
49%
İzmit
49%
Van
49%
İskenderun
46%
Antakya
45%
No matching quizzes found
Score Distribution
Percent of People with Each Score
Percentile by Number Answered
Your Score History
You have not taken this quiz